Historia del antiguo y nuevo testamento : [compendio] : para 4º año de los colegios nacionales, liceos, normales y comerciales.
Saved in:
| Format: | Book |
|---|---|
| Language: | Spanish |
| Published: |
Rosario :
1949.
|
| Textbook Catalogue: | BNM: Library Catalog Search Result |
| Textbook Classification: |
|
| Subjects: | |
| Tags: |
Add Tag
No Tags, Be the first to tag this record!
|
| Added to: | 1993-12-05 |
| Changed in: | 2022-02-24 |
MARC
| LEADER | 00000cam a22000004a 4500 | ||
|---|---|---|---|
| 003 | AR-BaBNM | ||
| 005 | 20220224063544.0 | ||
| 007 | ta | ||
| 008 | 931206s1949 ag | |||||||||||spa|d | ||
| 035 | |a 000016020 | ||
| 040 | |a AR-BaBNM |b spa |e aacr | ||
| 080 | |a 373.5 | ||
| 245 | 0 | 0 | |a Historia del antiguo y nuevo testamento : |b [compendio] : para 4º año de los colegios nacionales, liceos, normales y comerciales. |
| 260 | |a Rosario : |b Apis, |c 1949. | ||
| 300 | |a 151 p. | ||
| 650 | 4 | |a Educación cristiana |9 7582 |a Educación religiosa |9 7635 |a Educación secundaria |9 7637 |a Libros sagrados |9 10847 |a Biblia |9 6784 | |
| 655 | 4 | |a Libros de texto | |
| 942 | |2 udc |c LIBRO | ||
| 999 | |c 51170 |d 51170 | ||
| 999 | |c KOHA-OAI-TEST:51170 |d 51170 | ||